History Quiz

Random History or Politics Quiz

American Civil War Leaders (Slideshow) Quiz Stats

 Plays Quiz not verified by Sporcle

Also try: Lincoln or Davis?
Challenge
Share
Tweet
Score 0/20 Timer 08:00
0 Plays Today
% Correct
Abraham Lincoln
99.6%
Robert E. Lee
93.9%
William Tecumseh Sherman
88.4%
T.J. 'Stonewall' Jackson
87.8%
Jefferson Davis
81.6%
Ulysses S. Grant
78%
Ambrose Burnside
70.2%
George B. McClellan
69.2%
Nathan Bedford Forrest
66.9%
Winfield Scott
57.8%
% Correct
Joseph E. Johnston
54.5%
Joseph Hooker
51.2%
P.G.T. Beauregard
51%
Edwin M. Stanton
45.1%
James Longstreet
33.9%
David Farragut
33.5%
Judah P. Benjamin
22.4%
John C. Pemberton
16.5%
Raphael Semmes
14.3%
James A. Garfield
13.5%

You're not logged in!

Compare scores with friends on all Sporcle quizzes.
OR
Log In

You Might Also Like...

Show Comments

Extras

Top Quizzes Today


Score Distribution

Your Account Isn't Verified!

In order to create a playlist on Sporcle, you need to verify the email address you used during registration. Go to your Sporcle Settings to finish the process.

Report this User

Report this user for behavior that violates our Community Guidelines.

Details: